| 000 | 00416nam a22001457a 4500 | ||
|---|---|---|---|
| 005 | 20180529112632.0 | ||
| 008 | 180529b xxu||||| |||| 00| 0 eng d | ||
| 020 | _a81-7520-142-8 | ||
| 041 | _aeng | ||
| 100 |
_aSINGH, YOUD VIR AND OTHERS _94312 |
||
| 245 | _aBIBLIOGRAPHY OF DOCTORAL DISSERTATION SOCIAL SCIENCE-2016 | ||
| 260 |
_aNEW DELHI _bASSOCIATION OF INDIAN UNIVERSITY _c2017 |
||
| 300 | _a135P, | ||
| 942 | _cBK | ||
| 999 |
_c5692 _d5690 |
||